000 00779nam a2200229Ia 4500
003 OSt
005 20220923224504.0
006 a|||||r|||| 00| 0
007 ta
008 Pun
024 _a235,989
037 _cTextual
040 _aARTS
_cARTS
_bPun
041 _2Pun
_aPun
082 _aQ2:332xH93:g, 153P4
100 _aਆਗ਼ਾਦ ਜਲੰਧਰੀ; ਜੰਗ ਸਿੰਘ ਗਿਆਨੀ
_9163649
245 0 _aਸੱਚੀ ਪ੍ਰੀਤਿ
_b ਗੁਰੂ ਰਵਿਦਾਸ
260 _aਲੁਧਿਆਨਾ
_b ਪੰਜਾਬੀ ਰਾਈਟਰਗ਼
_c2004
300 _a224ਪੰ
_ccm.
942 _hQ2:332xH93:g, 153P4
_cTEXL
_2CC
999 _c371781
_d371781